Responses for Show #7156 - Monday, October 26, 2015

Contestants

[<< previous game]

Tom Flynn, a bartender from Goshen, New York

Beth Horn, a nanny from Dallas, Texas

Sean Anderson, a law professor from Champaign, Illinois (whose 1-day cash winnings total $19,199)

[next game >>]

Jeopardy! Round responses

CURRY DISHES
LOONEY TUNE CHARACTERS
NONFICTION
A NATION OF NATIONAL LABS
PEOPLE WITH BIBLE BOOK NAMES
COMPLETES THE PROVERB
    $200 18
tofu

Beth
    $200 2
Foghorn Leghorn

Sean
    $200 6
Hawk

Sean
    $200 26
Princeton

Tom
    $200 12
Ruth

Tom
    $200 15
together

Sean
    $400 19
maharaja

Sean
    $400 4
the Tasmanian Devil

Sean
    $400 5
Innocents

Tom
    $400 27
nuclear

Sean
    $400 10
Joel

Beth
    $400 22
run deep

Tom
    $600 1
Morocco

Beth
    $600 3
Yosemite Sam

Beth
    $600 7
Helter Skelter

Sean
    $600 28
Chicago

Sean
    $600 11
Peter

Sean
    $600 23
(Tom: What is shoeless?)

barefoot

SeanTom
    $800 20
masala

Sean
    $800 16
Michigan J. Frog

Triple Stumper
    $800 8
(Henry David) Thoreau

Sean
    $800 29
Pacific Northwest

Tom
    $800 13
Jude

Tom
    $800 24
heaven

Tom
    $1000 21
turmeric

Beth
    $1000 17
Marvin the Martian

Sean
    $1,800 9
Music

Sean
    $1000 30
Collider

Tom
    $1000 14
(Tom: Who is Manuel?)

Daniel

SeanTom
    $1000 25
(Tom: What is then [*]?)

beggars would ride

Tom

Scores at the first commercial break (after clue 15):

Sean Beth Tom
$5,800 $1,600 $400

Scores at the end of the Jeopardy! Round:

Sean Beth Tom
$9,600 $2,800 $4,000

Double Jeopardy! Round responses

STEPH CURRY DISHES
FIRST AID STRATAGEMS
THE 1920s
SHAKESPEARE
SEAS
THE WAY WE "WAR"
    $400 5
ESPN

Tom
    $400 1
a burn

Sean
    $400 2
(John) Scopes

Sean
    $400 9
(Tom: What is A Midsummer's Night's Dream?)

A Midsummer Night's Dream

SeanTom
    $400 17
the Mediterranean

Tom
    $400 22
swarm

Sean
    $800 6
a dime

Sean
    $800 27
the thigh

Tom
    $4,400 3
(Sean: What is Shangri-La?)

the tomb of King Tut (Tutankhamen)

Sean
    $800 10
Iago

Sean
    $800 18
the Sulu Sea

Beth
    $800 23
(Alex: Good, with less than a minute.)

war paint

Sean
    $1200 12
a triple-double

Sean
    $1200 28
frostbite

Sean
    $1200 4
The Jazz Singer

Tom
    $1200 11
Banquo

Tom
    $1200 19
(Tom: What is the... Caspian?)

the Black Sea

BethTom
    $1200 24
the Time Warp

Sean
    $1600 15
Dirk Nowitzki

Tom
    $1600 29
[The end-of-round signal sounds.]

a bloody nose

Sean
    $1600 7
Chiang Kai-shek

Sean
    $2,200 13
(Sean: [No response])

Titus Andronicus

Sean
    $1600 20
(Tom: What is the Sea of Japan?)

the South China Sea

SeanTom
    $1600 25
thwarts

Sean
    $2000 16
North Carolina

Sean
    $2000 8
(Gertrude) Ederle

Sean
    $2000 14
The Winter's Tale

Tom
    $2000 21
the Kara Sea

Triple Stumper
    $2000 26
the War Powers Act

Sean

Scores at the end of the Double Jeopardy! Round:

Sean Beth Tom
$23,000 $4,800 $8,400
(lock game)

[wagering suggestions for these scores]

Final Jeopardy! Round responses

POP MUSIC HISTORY
BethWhat is The Terminator?
$4,500
TomWhat
$8,400
SeanWhat is Born in the USA?
$6,101
Born in the U.S.A.

Final scores:

Sean Beth Tom
$29,101 $300 $0
2-day champion: $48,300 2nd place: $2,000 3rd place: $1,000

Game dynamics:

Coryat scores:

Sean Beth Tom
$28,800 $4,800 $8,400
32 R
(including 1 DD),
2 W
(including 2 DDs)
7 R,
0 W
16 R,
5 W

Combined Coryat: $42,000

[game clues] [game scores] [suggest correction]

Game tape date: 2015-09-15
The J! Archive is created by fans, for fans. Scraping, republication, monetization, and malicious use prohibited; this site may use cookies and collect identifying information. See terms. The Jeopardy! game show and all elements thereof, including but not limited to copyright and trademark thereto, are the property of Jeopardy Productions, Inc. and are protected under law. This website is not affiliated with, sponsored by, or operated by Jeopardy Productions, Inc. Join the discussion at JBoard.tv.